| 000 | 00741nam a2200229 a 4500 | ||
|---|---|---|---|
| 999 |
_c10866 _d10866 |
||
| 001 | 10866 | ||
| 003 | BD-JhCC | ||
| 005 | 20200401134008.0 | ||
| 008 | 190522b2016 bg |||| ||a| 000 0 ben d | ||
| 020 | _a9847009603099 | ||
| 035 | _a(BD-JhCC)10866 | ||
| 040 |
_aBD-JhCC _dBD-JhCC |
||
| 041 | _aben | ||
| 082 |
_a891.3 _bSHE 2016 |
||
| 245 |
_aশ্রেষ্ঠ সায়েন্স ফিকশন গল্প / _cসম্পাদনায় শামসুজ্জামান খান |
||
| 260 |
_aঢাকা, _bতাম্রলিপি; _c2016. |
||
| 300 |
_a300 p. : _c22 cm. |
||
| 650 | _aBengali fiction | ||
| 700 | _aখান, শামসুজ্জামান | ||
| 942 |
_2ddc _cBK _04 |
||